01350nac a22003251i 4500003000900000005001700009008004100026020001800067020001500085035002300100040004300123043001200166082001900178100004300197245010700240246015900347250001900506264003700525300003800562336002600600337002800626338002700654504005100681651002600732655001700758856007500775942001200850999001500862952014700877EG-ScBUE20240529135829.0240529s2005 nyub f b 001 0 eng d a9781845111236 a1845111230 a(OCoLC)ocm58731526 aEG-ScBUEbengerdacEG-ScBUEdEG-ScBUE aa-ir---04a956.7bPOL2221 aPolk, William Roe, eauthor.10aUnderstanding Iraq :ba whistle stop tour from ancient Babylon to occupied Baghdad /cWilliam R. Polk.34aUnderstanding Iraq :bthe whole sweep of Iraqi history, from Genghis Khan's Mongols to the Ottoman Turks to the British mandate to the American occupation aFirst edition. 1aNew York :bI. B. Tauris,c2005. axviii, 221 pages :bmaps ;c22 cm 2rdacontentatextbtxt aunmediated2rdamediabn avolumebnc2rdacarrier aIncludes bibliographical references and index. 7aIraqxHistory.2BUEsh vReading book413Table of contentsuhttp://www.loc.gov/catdir/toc/fy055/2005281319.html cBB2ddc c6640d6640 00102ddc40708AlahramaMAINbMAINc2NDd2007-11-28ePurchasel13m19o956.7 POLp000008313r2025-07-15 00:00:00s2014-10-29w2007-11-28yBB